|
|
|
|
| LEADER |
00804nam a2200205 a 4500 |
| 001 |
00023956 |
| 008 |
111211s2004 enk 000 0 eng d |
| 020 |
|
|
|a 9789937204729
|
| 040 |
|
|
|a BD-DhAAL
|c BD-DhAAL
|
| 082 |
0 |
0 |
|a 610.73678
|2 22
|
| 245 |
0 |
0 |
|a Maternal-neonatal nursing /
|c editors Karen C. Comerford ...[et al]
|
| 260 |
|
|
|a Springhouse, Pa. ;
|a London :
|b Lippincott Williams & Wilkins,
|c 2004.
|
| 300 |
|
|
|a viii, 407 p. :
|b ill. ;
|c 26 cm.
|
| 490 |
1 |
|
|a Straight A's
|
| 541 |
1 |
|
|e 00023956
|
| 650 |
|
0 |
|a Maternity nursing.
|
| 700 |
1 |
|
|a Comerford,Karen C.
|
| 852 |
1 |
|
|a James P. Grant School of Public Health (JPGSPH)
|
| 999 |
|
|
|c 11592
|d 11592
|
| 952 |
|
|
|0 0
|1 0
|2 ddc
|4 0
|6 610_736780000000000_MAT
|7 0
|9 18859
|a JPGSPH
|b JPGSPH
|d 2011-12-11
|e School of Public Helath
|l 0
|o 610.73678 MAT
|p 3060023956
|r 2011-12-13
|t 1
|w 2011-12-13
|y BK
|